|
|
|
|
| LEADER |
00000naa2a2200000 4500 |
| 001 |
106391 |
| 005 |
20231229151104.0 |
| 035 |
|
|
|a (RuTPU)RU\TPU\book\114806
|
| 090 |
|
|
|a 106391
|
| 100 |
|
|
|a 20061205d2003 k y0rusy50 ca
|
| 101 |
0 |
|
|a rus
|
| 102 |
|
|
|a RU
|
| 200 |
1 |
|
|a Природа повторения в искусстве и науке с позиции теории психоанализа (концепция К. Г. Юнга)
|f А. Ю. Чмыхало
|
| 320 |
|
|
|a Библиогр.: 1 назв.
|
| 463 |
|
0 |
|0 (RuTPU)RU\TPU\book\62267
|t Философия социальной работы
|o труды II региональной научно-практической конференции, г. Томск
|f Томский политехнический университет; Под ред. А. А. Корниенко
|v С. 21-23
|d 2003
|p 148 с.
|
| 600 |
|
1 |
|a Юнг
|g Карл Густав
|b К. Г.
|f 1875-1961
|c швейцарский психолог
|c философ
|2 stltpush
|3 (RuTPU)RU\TPU\pers\987
|
| 610 |
1 |
|
|a искусство
|
| 610 |
1 |
|
|a наука
|
| 610 |
1 |
|
|a психоанализа
|
| 610 |
1 |
|
|a теория психоанализа
|
| 610 |
1 |
|
|a повторения
|
| 610 |
1 |
|
|a труды учёных ТПУ
|
| 700 |
|
1 |
|a Чмыхало
|b А. Ю.
|c философ
|c доцент Томского политехнического университета, кандидат философских наук
|f 1973-
|g Александр Юрьевич
|3 (RuTPU)RU\TPU\pers\25447
|9 11389
|
| 801 |
|
1 |
|a RU
|b 63413507
|c 20061205
|g PSBO
|
| 801 |
|
2 |
|a RU
|b 63413507
|c 20110119
|g RCR
|
| 942 |
|
|
|c BK
|